ბათუმის შოთა რუსთაველის სახელმწიფო უნივერსიტეტის ბიბლიოთეკა

Management Information Systems : (ბიბ.ჩანაწერი № 44311)

000 -LEADER
fixed length control field 00826nam a2200253Ia 4500
001 - CONTROL NUMBER
control field 11069
003 - CONTROL NUMBER IDENTIFIER
control field GE_BSU
005 - DATE AND TIME OF LATEST TRANSACTION
control field 20221117110814.0
008 - FIXED-LENGTH DATA ELEMENTS--GENERAL INFORMATION
fixed length control field 181216s2014en xx |||||||||||||| ||eng||
020 ## - INTERNATIONAL STANDARD BOOK NUMBER
International Standard Book Number 9780133050691 x
040 ## - CATALOGING SOURCE
Transcribing agency GE_BSU
041 ## - LANGUAGE CODE
Language code of text/sound track or separate title eng
080 ## - UNIVERSAL DECIMAL CLASSIFICATION NUMBER
Universal Decimal Classification number 658.4 L 39
100 ## - MAIN ENTRY--PERSONAL NAME
Personal name Laudon,Kenneth,C.
9 (RLIN) 15875
245 ## - TITLE STATEMENT
Title Management Information Systems :
Remainder of title MANAGING THE DIGITAL FIRM /
Statement of responsibility, etc. Kenneth, C; Laudon; Jane P. Laudon.
250 ## - EDITION STATEMENT
Edition statement 13th edition.
264 ## - PRODUCTION, PUBLICATION, DISTRIBUTION, MANUFACTURE, AND COPYRIGHT NOTICE
Place of production, publication, distribution, manufacture Boston :
Name of producer, publisher, distributor, manufacturer Pearson.
Date of production, publication, distribution, manufacture, or copyright notice 2014.
300 ## - PHYSICAL DESCRIPTION
Extent 559 p :.
Other physical details ill;
Dimensions 28cm.
653 ## - INDEX TERM--UNCONTROLLED
keyword Management Information Systems.
653 ## - INDEX TERM--UNCONTROLLED
keyword Მართვის საინფორმაციო სისტემები.
653 ## - INDEX TERM--UNCONTROLLED
keyword ტემპუსის პროექტით
700 ## - ADDED ENTRY--PERSONAL NAME
Personal name Laudon, Jane P.
9 (RLIN) 15876
942 ## - ADDED ENTRY ELEMENTS (KOHA)
Koha item type წიგნი
Source of classification or shelving scheme
ეგზემპლარები
Withdrawn status Lost status Source of classification or shelving scheme Damaged status Not for loan Permanent Location Current Location Shelving location Date acquired Cost, normal purchase price Full call number Barcode Date last seen Copy number Price effective from Koha item type Public note
          ბათუმის შოთა რუსთაველის სახელმწიფო უნივერსიტეტის მთავარი ბიბლიოთეკა ბათუმის შოთა რუსთაველის სახელმწიფო უნივერსიტეტის მთავარი ბიბლიოთეკა წიგნსაცავი 2018-12-17 369.00 658.4 L 39 35428 2018-12-17 35428 2018-12-17 წიგნი 369 gel.